01092noc a2200325Ii 45000010011000000030009000110050017000200080041000370200018000780400033000960820022001291000029001512450114001802640079002943000039003735050215004125260010006275260010006375260010006475260010006575260008006675260008006755260008006835260008006915260008006995260008007075260008007156500014007237000029007371260107686PE-LiUPU20250731173556.0210712s2020 xxu bneng d a9781878951441 aPE-LiUPUbspacPE-LiUPUerda 223a234.25bM521t aMelgosa, Juliáneautor00aThe power of hope :hovercoming depression, anxiety, guilt, and stress /cJulián Melgosa y Michelson Borges 1a[Hagerstown, Maryland] :bReview and Herald Publishing Association,c2017. a111 páginas :c18 centímetros. aHealth is all in your head -- Anxiety: excess past -- Stress: excesss present -- Psychic traumas -- Ensalved to addictions -- Sense of guilt -- A monster within us -- Tips from the creator -- The power of hope. aSEG42 aSEG41 aSEG40 aSEG39 aP94 aP87 aP86 aP85 aP77 aP76 aP35 0aEsperanza aBorges, Michelsoneautor